Bollywood Movies by Picture #6 - Statistics

General Stats
  • This quiz has been taken 159 times
  • The average score is 5 of 10
Answer Stats
Picture Answer % Correct
Dhadak
80%
Mohabbatein
76%
Kaho Naa... Pyaar Hai
75%
Hum Tum
59%
Disco Dancer
57%
Mujhse Dosti Karoge
56%
Bride and Prejudice
25%
Coolie
24%
Aradhana
12%
Waqt
6%
No matching quizzes found
Score Distribution
Percent of People with Each Score
Percentile by Number Answered
Your Score History
You have not taken this quiz